00338nam a2200097Ia 4500008004100000082001500041100001800056245006100074260003900135650006600174211119s9999||||xx |||||||||||||| ||und|| a570bSIN-U aSingh, Pramod 0aUGC-CSIR Net for Jrf/lectureship:Life Sciences (biology) bDanika Publishinga2013cNew Delhi aSciencevLife science; biologyBotanyxPost Graduate Reference